CLINICAL CASES UNCOVERD GENERAL PRACTICE (Record no. 852)

MARC details
000 -LEADER
fixed length control field 00316nam a2200121Ia 4500
008 - FIXED-LENGTH DATA ELEMENTS--GENERAL INFORMATION
fixed length control field 150201s2008 xx 000 0 und d
082 ## - DEWEY DECIMAL CLASSIFICATION NUMBER
Classification number 616
Item number G08S
100 ## - MAIN ENTRY--PERSONAL NAME
Personal name STORR,EMMA
245 ## - TITLE STATEMENT
Title CLINICAL CASES UNCOVERD GENERAL PRACTICE
260 ## - PUBLICATION, DISTRIBUTION, ETC. (IMPRINT)
Name of publisher, distributor, etc. WILEY
Place of publication, distribution, etc. BLACKWELL
Date of publication, distribution, etc. 2008
650 ## - SUBJECT ADDED ENTRY--TOPICAL TERM
Topical term or geographic name as entry element MEDICINE AND DIAGNOSIS
942 ## - ADDED ENTRY ELEMENTS (KOHA)
Source of classification or shelving scheme Dewey Decimal Classification
Koha item type Books
Holdings
Withdrawn status Lost status Source of classification or shelving scheme Damaged status Not for loan Collection code Home library Current library Shelving location Date acquired Source of acquisition Cost, normal purchase price SGTU Bill Number Total Checkouts Full call number Barcode Date last seen Date last checked out Bill Date Koha item type
    Dewey Decimal Classification     MEDICAL SGT Medical Library SGT Medical Library Text Book 26/02/2010 U.B.S. DELHI 2538.25 SGTU 993 1 616 G08S FM3475 16/10/2018 29/09/2018 26/02/2010 Books